000 00441nam a2200181Ia 4500
001 16062
005 20260306170242.0
008 260306t2016||||xx |||||||||||||| ||und||
041 _aESP
082 _a346.6
_bC78
100 _aCorral Talciani, Hernán
_eAUT
245 0 _aEstudios sobre contratos y obligaciones
260 _c2016
300 _a233 páginas :
_c24 cm.
650 _aGEN
654 _aCDE
942 _cLIB
_dJUS
_fJUS
_2ddc
_n
999 _c16062
_d16062